000 00715nam a22002417a 4500
005 20211230093535.0
008 211230b ||||| |||| 00| 0 eng d
020 _a9789391679187
040 _cAL
041 _aeng
082 _223
_a657.46
_bRAVD
100 _aRavi M N and others
_912090
245 _aDirect Tax I and II
_bIncome Tax A.Y 2021-22
250 _a2nd rev ed.
260 _aHyderabad
_bProfessional Books Publisher
_c2022
300 _aix,372 p.
_bPB
_c24x16 cm.
365 _a4699
_b₹208.00
_c
_d₹260.00
_e20%
_f25-12-2021
650 _aDirect Tax
_912091
700 _aRAVI (M N)
_912092
700 _aBHANU PRAKASH (B.E)
_912093
700 _aSUMAN SHETTY (N)
_912094
942 _2ddc
_cBK
999 _c221016
_d221016